Роль бизнеса и власти в формировании кадровой потребности для инновационной экономики; Инженерное образование; № 11

Bibliografiske detaljer
Parent link:Инженерное образование: электронный научный журнал/ Ассоциация инженерного образования России (АИОР).— : [Б. и.], 2003-.— 1810-2883
№ 11.— 2012.— [С. 115-117]
Hovedforfatter: Васильева З. А.
Institution som forfatter: "Подходы к формированию национальной доктрины инженерного образования России в условиях новой индустриализации", общероссийская научно-практическая конференция
Andre forfattere: Филимоненко И. В.
Summary:Заглавие с титульного листа
В статье рассмотрены проблемы формирования механизмов взаимодействия власти и бизнеса по вопросам кадрового обеспечения модели инновационного развития экономики.
The paper deals with the interaction tools between government and business on the staffing model for innovative development of the national economy.
Sprog:russisk
Udgivet: 2012
Serier:Материалы Общероссийской научно-практической конференции "Подходы к формированию национальной доктрины инженерного образования России в условиях новой индустриализации" (4-6 декабря 2012 года, г. Томск)
Пути повышения качества инженерного образования
Fag:
Online adgang:https://old.aeer.ru/files/io/m11/art_24.pdf
Format: MixedMaterials Electronisk Book Chapter
KOHA link:https://koha.lib.tpu.ru/cgi-bin/koha/opac-detail.pl?biblionumber=517016

MARC

LEADER 00000naa2a2200000 4500
001 517016
005 20250520165321.0
035 |a (RuTPU)RU\TPU\prd\195033 
035 |a RU\TPU\prd\195028 
090 |a 517016 
100 |a 20130911d2012 k y0rusy50 ca 
101 0 |a rus 
102 |a RU 
135 |a drnn ---uucaa 
181 0 |a i  
182 0 |a b 
200 1 |a Роль бизнеса и власти в формировании кадровой потребности для инновационной экономики  |b Электронный ресурс  |f З. А. Васильева, И. В. Филимоненко 
203 |a Текст  |c электронный 
215 |a 1 файл (91 Кб) 
225 1 |a Материалы Общероссийской научно-практической конференции "Подходы к формированию национальной доктрины инженерного образования России в условиях новой индустриализации" (4-6 декабря 2012 года, г. Томск) 
225 1 |a Пути повышения качества инженерного образования 
230 |a Электронные текстовые данные (1 файл : 91 Кб) 
300 |a Заглавие с титульного листа 
320 |a [Библиогр.: с. 117 (4 назв.)] 
330 |a В статье рассмотрены проблемы формирования механизмов взаимодействия власти и бизнеса по вопросам кадрового обеспечения модели инновационного развития экономики. 
330 |a The paper deals with the interaction tools between government and business on the staffing model for innovative development of the national economy. 
337 |a Adobe Reader 
461 1 |0 (RuTPU)RU\TPU\prd\176632  |x 1810-2883  |t Инженерное образование  |o электронный научный журнал  |f Ассоциация инженерного образования России (АИОР)  |n [Б. и.]  |d 2003- 
463 1 |0 (RuTPU)RU\TPU\prd\194819  |t № 11  |v [С. 115-117]  |d 2012 
610 1 |a высшее профессиональное образование 
610 1 |a инженерное образование 
610 1 |a российское образование 
610 1 |a кадровое обеспечение 
610 1 |a кадровый потенциал 
610 1 |a формирование 
610 1 |a механизмы 
610 1 |a взаимодействие 
610 1 |a власть 
610 1 |a бизнес 
610 1 |a проблемы 
610 1 |a инновационная экономика 
610 1 |a инновационное развитие 
610 1 |a конференции 
610 1 |a электронный ресурс 
700 1 |a Васильева  |b З. А. 
701 1 |a Филимоненко  |b И. В. 
712 1 2 |a "Подходы к формированию национальной доктрины инженерного образования России в условиях новой индустриализации", общероссийская научно-практическая конференция  |e Томск  |f 2012 
801 1 |a RU  |b 63413507  |c 20090623  |g PSBO 
801 2 |a RU  |b 63413507  |c 20130911  |g PSBO 
856 4 |u https://old.aeer.ru/files/io/m11/art_24.pdf 
942 |c BK